00949nam a2200193Ia 450000500170000000800410001702000150005805000260007310000370009924501030013625000180023926000420025730000280029950400650032750502740039265000330066665000270069965000290072620231102150857.0120626s2003 mx 000 0 spa d a9707290234 aHF5549.5bR44G72 2003 aGrados Espinosa, Jaime A.eautor aReclutamiento, selección, contratación e inducción del personalc / Jaime A. Grados Espinosa a3a. edición aMéxicob: El Manual Modernoc, 2003 axv, 352 páginasb: il aIncluye referencias bibliográficas (p. 341-343) e índice aOrganización - Iniciativa privada - Sector público - Cooperativismo - Ley federal del trabajo - Análisis de puestos - Valuación de puestos - Reclutamiento de personal - Selección de personal - Estructura de un centro de evaluación - Selección por objetivo aRECLUTAMIENTO DE EMPLEADOS  aEMPLEADOSxSELECCIÓN aORIENTACION DE EMPLEADOS